I "Zero Points" della Storia dell'Eurovision - Statistics

Statistiche generali
  • Questo quiz è stato fatto 17 volte
  • Il punteggio medio è 3 su 21
Answers on the Grid
Answers color-coded by a green-red scale on the quiz's grid according to % correct below.
Albania
Serbia e Montenegro (Non più esistente)
Svezia
Portogallo
Belgio
Georgia
Monaco
Croazia
Marocco
Cipro
Russia
Azerbaijan
San Marino
Lussemburgo
Grecia
Italia
Israele
Armenia
Austria
Romania
Macedonia
Spagna
Francia
Bosnia e Erzegovina
Norvegia
Malta
Slovenia
Slovacchia
Islanda
Cechia
Bielorussia
Ungheria
Bulgaria
Australia
Turchia
Ucraina
Serbia
Estonia
Finlandia
Paesi Bassi
Regno Unito
Polonia
Jugoslavia (Non più esistente)
Irlanda
Andorra
Montenegro
Moldavia
Lettonia
Lituania
Svizzera
Germania
Danimarca
 
Statistiche sulle risposte
Risposta % Corretto
Regno Unito
50%
Spagna
50%
Germania
30%
Jugoslavia (Non più esistente)
30%
Austria
10%
Islanda
10%
Italia
10%
Lituania
10%
Lussemburgo
10%
Paesi Bassi
10%
Portogallo
10%
San Marino
10%
Svizzera
10%
Turchia
10%
Belgio
0%
Cechia
0%
Finlandia
0%
Monaco
0%
Norvegia
0%
Romania
0%
Svezia
0%
Nessun quiz corrispondente trovato
Distribuzione punteggi
Percentuale di utenti per punteggio
Percentile per numero di risposta
I tuoi punteggi nel tempo
Non hai fatto questo quiz